00620nam a2200181 a 450000500170000000800410001702000180005805000230007610000240009924500710012325000130019426000340020730000490024152100090029065000560029965000640035570000190041920140310183407.0121029s19uu xx 00 eng d a9780132539555 aHF 5718b.B66 2012 aBovee, Courtland L. aBusiness communication today /cCourtland L. Bovee, John V. Thill. a11th ed. aBoston, Ma :bPearson,c2012. axxxviii, 579, [93] p. :bill. col. ;c29 cm. aBSBA aBusiness communicationxUnited StatesxCase studies aCommunication in organizationsxUnited StatesxCase studies aThill, John V.